000 00519nam a22001937a 4500
005 20260122164734.0
008 260122b |||||||| |||| 00| 0 eng d
020 _a9789387590069
_c2695.00
040 _aMAIN
041 _aEnglish
082 _a333.7
_bZAR
100 _aZargar , U. R.
_926023
245 _aEnvironmental issues
_b: Awareness Concerns and Management
260 _aDelhi
_bNarendra
_c2018
300 _a152
650 _aEnvironment Science
_9310
700 _aRather, M. I.
_926024
942 _cBK
999 _c60070
_d60070